B animals - Statistics

General Stats
  • This quiz has been taken 82 times
  • The average score is 10 of 13
Answer Stats
Picture Answer % Correct
Bear
97%
Bat
95%
Beaver
94%
Bee
89%
Bull
88%
Butterfly
83%
Beagle
78%
Bull dog
78%
Badger
77%
Blobfish
55%
Boxer
54%
Budgie
42%
Blue tit
25%
No matching quizzes found
Score Distribution
Percent of People with Each Score
Percentile by Number Answered
Your Score History
You have not taken this quiz